000 00426nam a22001697a 4500
001 00028638
005 20260325093022.0
008 260325b ag ||||| |||| 00| 0 spa d
040 _bspa
_cAR-CcCEOS
080 _a159.94
090 _bMAL12
245 _aMal estar 12 :
_bpsicoanálisis/ cultura
260 _aArgentina :
_bEDULP,
_c2011.
300 _a194 p. ;
_c18x15 cm.
650 0 _apsicoanálisis
942 _2udc
_cBK
999 _c28670
_d28670
945 _a66467
_bMelina Rolando
_c66467
_dMelina Rolando